| 000 | 00901nam a2200265 i 4500 | ||
|---|---|---|---|
| 001 | 19440 | ||
| 003 | ES-MaACL | ||
| 005 | 20250809051104.0 | ||
| 007 | t| | ||
| 008 | 020828s2001 sp ||||1| spa d | ||
| 020 | _a84-460-1068-2 | ||
| 080 | _a321.01(038) | ||
| 245 | 0 | 0 |
_aDiccionario Akal de filosofía política / _cPhilippe Raynaud y Stéphane Rials (editores) ; traducción de Mariano Peñalver y Marie-Paule Sarazin. |
| 260 |
_aTres Cantos (Madrid) : _bAkal, _c[2001] |
||
| 300 |
_a906 p. ; _c25 cm. |
||
| 490 | 1 |
_aAkal/diccionarios ; _v31 |
|
| 650 | 4 |
_aPolítica- _xFilosofía- _vDiccionarios. _916275 |
|
| 700 | 1 |
_aRaynaud, Philippe. _995647 |
|
| 700 | 1 |
_aRials, Stéphane. _996675 |
|
| 700 | 1 |
_aPeñalver, Mariano. _990307 |
|
| 700 | 1 |
_aSarazin, Marie-Paule. _9103781 |
|
| 830 | 0 | 0 |
_aAkal/Diccionarios _v31 _9180610 |
| 852 |
_aES-MaACL _jL-25874 _bR.131117 |
||
| 999 |
_c19440 _d19440 |
||